00920 a2200205 450000500170000000800410001702000180005804000500007604100080012624501250013426000700025930000310032950400410036050500780040150500820047965000380056165000410059965000310064071000430067120141021151820.0141021s2014 ck a fr|||| 00| 0 spa d a9789588469843 aCO-BoUCMbspacJose A. GerenadJose A. Gerena aspa aNuevos escenarios de conflicto armado y violenciabpanorama posacuerdos con AUC cCentro nacional de memoria histórica c2014bCentro Nacional de Memoria HistóricaaBogotá (Colombia) aVolúmenesbilustraciones aIncluye referencias bibliográficas gV.5tRegión Caribe, departamento de Antioquia, departamento de Chocó. gV.6tNororiente y Magalena medio, llanos orientales, suroccidente y Bogotá. 7aDesplazamiento forzado zColombia 7aVíctimas de la violenciazColombia 7aParamilitarismo zColombia2 aCentro nacional de memoria histórica